000 01100nam a22002415i 4500
001 152584
003 ES-MaACL
005 20250929063218.0
008 961008s1847 sp |||| | spa d
040 _aCYL
_bspa
_cCYL
100 1 _aBoyer, Pierre-Denis,
_d1766-1842
_9158436
245 1 0 _aImpugnación de la herejia constitucional que somete la religion a la potestad civil ... precede la Historia de esta misma herejia desde la reforma de Lutero hasta la epoca presente /
_cobra escrita en francés por Mr. Boyer.
260 _aMadrid :
_bImprenta de D. José Felix Palacios editor,
_c1847.
300 _aX p., p. 12-372 ;
_c18 cm.
490 1 _aBiblioteca religiosa / por una Sociedad de Literatos ;
_v45
530 _aDisponible en formato digital.
650 0 7 _aIglesia y Estado
_2embne
_913554
830 0 _aBiblioteca religiosa / por una Sociedad de Literatos ;
_v45
_9221342
852 _aES-MaACL
_jB-13447
_z-- Rúst.
856 _uhttp://bdh-rd.bne.es/viewer.vm?id=0000126109&page=1
_zBiblioteca Digital Hispánica
999 _c152584
_d152584